INTRODUCTORY METHOD OF NUMERICAL ANALYSIS (Record no. 5362)

MARC details
000 -LEADER
fixed length control field 00430nam a22001817a 4500
005 - DATE AND TIME OF LATEST TRANSACTION
control field 20180519114318.0
008 - FIXED-LENGTH DATA ELEMENTS--GENERAL INFORMATION
fixed length control field 170401b xxu||||| |||| 00| 0 eng d
020 ## - INTERNATIONAL STANDARD BOOK NUMBER
ISBN 978-81-203-4592-8
041 ## - LANGUAGE CODE
Language code of text/sound track or separate title eng
082 ## - DEWEY DECIMAL CLASSIFICATION NUMBER
Classification number 518.6
100 ## - MAIN ENTRY--AUTHOR NAME
Personal name SASTRY,S.S
245 ## - TITLE STATEMENT
Title INTRODUCTORY METHOD OF NUMERICAL ANALYSIS
250 ## - EDITION STATEMENT
Edition statement 5th
260 ## - PUBLICATION, DISTRIBUTION, ETC. (IMPRINT)
Name of publisher PHI LEARNING
Year of publication 2012
300 ## - PHYSICAL DESCRIPTION
Number of Pages 450
650 ## - SUBJECT ADDED ENTRY--TOPICAL TERM
Topical Term ENGINEERING
942 ## - ADDED ENTRY ELEMENTS (KOHA)
Koha item type Books
Holdings
Lost status Damaged status Collection code Home library Shelving location Date acquired Source of acquisition Full call number Accession Number Koha item type Current library
    CS/IT JRU Library SHELF-57-C 30/04/2017 PURCHASE 518.6 21547 Books  
      JRU Library SHELF-30-C 30/04/2017 PURCHASE 518.6 21548 Books  
    CS/IT JRU Library SHELF-57-C 30/04/2017 PURCHASE 518.6 21549 Books JRU Library